Satellite island quiz - Statistics

General Stats
  • This quiz has been taken 12 times
  • The average score is 22 of 27
Answer Stats
Picture Hint Answer % Correct
Country Australia
100%
Country Cyprus
100%
Country Cuba
91%
________ islands Falkland
91%
Overseas territory Greenland
91%
Countries Haiti / Dominican Republic / Hispaniola
91%
State Hawaii
91%
Country Japan
91%
Country Madagascar
91%
Isle of ___ Man
91%
_____ island North
91%
Country Philippines
91%
Country Sri Lanka
91%
Island Crete
82%
Province Newfoundland
82%
Island Sicily
82%
Country Singapore
82%
City Venice
82%
Rainforest Borneo
73%
Country Maldives
73%
Country Malta
73%
Island chain Shetland
73%
Island chain Svalbard
73%
Isle of _____ Wight
73%
_________ islands Galápagos
45%
Isles of ______ Scilly
45%
Overseas territory British virgin islands / BVI
36%
No matching quizzes found
Score Distribution
Percent of People with Each Score
Percentile by Number Answered
Your Score History
You have not taken this quiz